| 000 | 01211nam a22003017a 4500 | ||
|---|---|---|---|
| 005 | 20240530110412.0 | ||
| 008 | 150217s2009 ua ob a 00| 0 ara d | ||
| 017 |
_a9021/2009 _bمصر . دار الكتب المصرية |
||
| 020 | _a9771414208 | ||
| 040 | _aEG-CaGPL | ||
| 041 | 0 | _aara | |
| 082 | 0 | 4 |
_221 _a910.4 _bط/ن ن |
| 100 | 1 |
_aراسل ، هنرى _qهنرى راسل |
|
| 245 | 1 | 0 |
_aالمانيا / _cتاليف هنرى راسل ؛ ترجمة طارق جلال محمد ؛ اشراف داليا محمد ابراهيم |
| 250 | _aط1 | ||
| 260 |
_aالقاهرة : _bنهضة مصر للطباعة والنشر والتوزيع ، _c2009 |
||
| 300 |
_a64 ص : _bايض ؛ _c28 سم |
||
| 490 | 0 | _aناشيونال جيوجرافيك : دول العالم | |
| 650 | 0 | 4 | _aالسياحة |
| 651 | 0 | 4 |
_aالمانيا _xوصف ورحلات |
| 651 | 0 | 4 |
_aالمانيا _xتاريخ |
| 651 | 0 | 4 |
_aالمانيا _xالوصف الجغرافى |
| 651 | 0 | 4 |
_aالمانيا _xالعادات والتقاليد |
| 700 | 1 |
_aطارق جلال محمد _eمترجم |
|
| 700 | 1 |
_aداليا محمد ابراهيم _eمشرف |
|
| 942 |
_2ddc _cBK |
||
| 999 |
_c60469 _d60469 |
||